Pays d'origine des joueurs de la Serie A italienne - Statistiques

Statistiques générales
  • Ce quiz a été pris 284 fois
  • Le résultat moyen est 14 sur 20
Statistiques - réponses
Nombre de joueurs Pays % Correct
311 Italie
100%
39 France
98%
18 Espagne
95%
10 Portugal
92%
21 Brésil
88%
23 Argentine
86%
9 Belgique
81%
22 Pays-Bas
75%
14 Croatie
72%
22 Pologne
72%
21 Serbie
70%
7 Suède
66%
8 Colombie
62%
9 Slovénie
62%
9 Norvège
58%
7 Turquie
55%
7 Uruguay
55%
9 Danemark
54%
9 Nigeria
52%
10 Albanie
39%
Aucun quiz correspondant
Distribution des résultats
% des personnes avec chaque résultat
Percentile par nombre de réponses
Votre historique - résultats
Vous n’avez pas pris ce quiz